《三体》全人物(身份提示版) - Statistics

General Stats
  • This quiz has been taken 45 times
    36 since last reset
  • The average score is 16 of 110
Answer Stats
身份 名字 % Correct
程心的好友,星环集团CEO 艾AA
80%
清华大学物理系教授,ETO统帅 叶文洁
71%
清华大学社会学教授,面壁者,第一任执剑人 罗辑
66%
理论物理学家,杨冬的未婚夫 丁仪
60%
阶梯计划(被)执行者,三体社会文学家 云天明
57%
中国太空军军人,“自然选择”号执行舰长,星舰地球创始人 章北海
57%
第二任执剑人,星环集团总裁 程心
54%
警察,Police 史强
51%
罗辑的妻子 庄颜
49%
“自然选择”号舰长 东方延绪
46%
前欧盟主席,面壁者 比尔·希恩斯
43%
前委内瑞拉总统,面壁者 曼努尔·雷迪亚兹
43%
PIA局长 托马斯·维德
43%
中科院院士,应用物理学家 汪淼
43%
理论物理学家,叶文洁的女儿,丁仪的未婚妻 杨冬
43%
ETO降临派领袖 麦克·伊文斯
40%
物理学家,ETO拯救派成员 申玉菲
40%
叶文洁的父亲 叶哲泰
40%
前美国国防部长,面壁者 弗里德里克·泰勒
34%
天文学家,哈勃二号空间望远镜研发者 艾伯特·林格
26%
中国人民解放军太空军司令员 常伟思
26%
脑科学家,希恩斯的妻子,破壁人3号 山杉惠子
26%
史强的儿子 史晓明
26%
罗辑的前女友 白蓉
23%
“蓝色空间”号舰长 褚岩
23%
汪淼的儿子 豆豆
23%
“万有引力”号随舰学者 关一帆
23%
生物学家,ETO降临派成员 潘寒
23%
红岸基地总工程师,叶文洁的丈夫 杨卫宁
23%
内蒙古建设兵团《大生产报》的记者 白沐霖
20%
联合国秘书长 萨伊
20%
射电天文学博士,叶文洁的学生 沙瑞山
20%
申玉菲的丈夫 魏成
20%
退休化工厂工人 张援朝
20%
解放军少校,《球状闪电》女主角 林云
17%
地球防御理事会高级协调员,美国军方代表 乔治·斐兹罗
17%
叶文洁的妹妹 叶文雪
17%
东罗马帝国末代君主 君士坦丁十一世
14%
红岸基地政委 雷志成
14%
煤老板 苗福全
14%
叶文洁的母亲 绍琳
14%
物理学家,丁仪的学生 白Ice
14%
黑洞项目首席科学家 高Way
14%
前中国太空军军人 吴岳
11%
齐家屯村民 大凤
9%
PDC轮值主席 伽尔宁
9%
奥斯曼帝国苏丹 穆罕默德二世
9%
中级法院军管会的军代表 程丽华
6%
日本防卫厅长官 井上宏一
6%
“自然选择”号第二副舰长 井上明
6%
“自然选择”号第一副舰长 列文
6%
汪淼的妻子 李瑶
6%
内蒙古生产建设兵团的油锯手 马钢
6%
美国海军陆战队上校 斯坦顿
6%
红卫兵 唐红静
6%
退休教师 杨晋文
6%
太阳系预警系统一号观测单元预警观测员 阿历克赛·瓦西里
3%
太阳系舰队联席会议特派员 本·乔纳森
3%
第二任执剑人候选人,环日加速器总设计师 毕云峰
3%
第二任执剑人候选人 曹彬
3%
东罗马帝国的妓女,“魔法师” 狄奥伦娜
3%
东罗马帝国大臣 法扎兰
3%
澳大利亚土著 弗雷斯
3%
云天明的大学同学 胡文
3%
默斯肯岛上的老人 杰森
3%
“量子”号通信军官 卡尔·乔伊娜
3%
面壁者和PDC之间的联络人 坎特
3%
以色列人,ETO成员 拉菲尔
3%
“万年昆鹏”号电磁武器系统中级控制员 李维
3%
PIA技术规划中心主任 米哈伊尔·瓦季姆
3%
“青铜时代”号舰长 尼尔·斯科特
3%
“蓝色空间”号陆战队指挥官 朴义君
3%
阶梯计划候选人 乔依娜
3%
“青铜时代”号武器系统目标甄别和攻击模式控制军官 赛巴斯蒂安·史耐德
3%
“企业”号心理学家 斯科特
3%
警察 徐冰冰
3%
张援朝的儿子 张卫明
3%
罗辑庇护所安保负责人 张翔
3%
张援朝的孙子 张延
3%
“万有引力”号中尉 艾克
0%
洛斯阿拉莫斯国家实验室主任 艾伦
0%
IDC语言学家 巴勒莫
0%
“青铜时代”号副舰长 鲍里斯·洛文斯基
0%
太阳系联邦总统特使 布莱尔
0%
“万有引力”号随舰宪兵指挥官 戴文
0%
北京市(地下)公安局数字现实处警察 郭正明
0%
哈勃二号空间望远镜工作人员 哈里斯
0%
欧洲航天局高级顾问 柯曼琳
0%
林格-斐兹罗望远镜负责人
0%
“自然选择”号心理学家 蓝西
0%
NMD目标甄别员 雷德尔
0%
“万有引力”号中士 刘晓明
0%
林格-斐兹罗望远镜负责人 罗宾逊
0%
NMD轨道监测员 琼斯
0%
“蓝色空间”号导航员 秋原玲子
0%
太空军文职人员 威尔逊
0%
“万有引力”号AI系统维护工程师 薇拉
0%
天体物理学家 威廉·科兹莫
0%
太阳系预警系统一号观测单元天文学家 威纳尔
0%
“万有引力”号心理学家 韦斯特
0%
冬眠者 熊文
0%
亚洲舰队少校 西子
0%
“万有引力”号维护工程师 伊万
0%
第二任执剑人候选人 伊万·安东诺夫
0%
“万有引力”号舰长 约瑟夫·莫沃维奇
0%
PIA副局长 于维民
0%
“万有引力”号餐饮控制员,“反执剑人” 詹姆斯·亨特
0%
“北方”号战舰目标甄别助理 赵鑫
0%
“蓝色空间”号科学军官 卓文
0%
第二任执剑人候选人 A·J·霍普金斯
0%
No matching quizzes found
Score Distribution
Percent of People with Each Score
Percentile by Number Answered
Your Score History
You have not taken this quiz since the last reset